|
|
|
|
| LEADER |
00000nam0a2200000 4500 |
| 001 |
355605 |
| 005 |
20231102010818.0 |
| 035 |
|
|
|a (RuTPU)RU\TPU\retro\12865
|
| 090 |
|
|
|a 355605
|
| 100 |
|
|
|a 20200709d1944 km y0rusy50 ca
|
| 101 |
0 |
|
|a rus
|
| 102 |
|
|
|a RU
|
| 105 |
|
|
|a a z 001zy
|
| 200 |
1 |
|
|a Исследование вибраций при резании металлов
|f А. И. Каширин
|g Академия наук СССР (АН СССР), Институт машиноведения ; под ред. Е. А. Чудакова
|
| 210 |
|
|
|a Москва
|c Издательство Академии наук СССР
|d 1944
|
| 215 |
|
|
|a 131 с.
|c ил.
|
| 300 |
|
|
|a Подписано к печати 22/X 1943 г.
|
| 320 |
|
|
|a Библиогр.: с. 129-130
|
| 606 |
1 |
|
|a Резание металлов
|x Динамические процессы
|2 stltpush
|3 (RuTPU)RU\TPU\subj\24561
|9 48884
|
| 610 |
1 |
|
|a коллекция: 1941-1945 гг.
|
| 610 |
1 |
|
|a вибрации
|
| 610 |
1 |
|
|a колебательные движения
|
| 610 |
1 |
|
|a переменные силы
|
| 610 |
1 |
|
|a силы трения
|
| 610 |
1 |
|
|a периодические колебания
|
| 610 |
1 |
|
|a возмущенные движения
|
| 610 |
1 |
|
|a амплитуда
|
| 610 |
1 |
|
|a частота
|
| 610 |
1 |
|
|a оборудование
|
| 610 |
1 |
|
|a приспособления
|
| 675 |
|
|
|a 621.91.011
|v 4
|
| 700 |
|
1 |
|a Каширин
|b А. И.
|
| 702 |
|
1 |
|a Чудаков
|b Е. А.
|4 340
|
| 712 |
0 |
2 |
|a Академия наук СССР
|b Институт машиноведения
|c (Москва)
|c (1938-1961)
|2 stltpush
|3 (RuTPU)RU\TPU\col\13724
|9 25758
|
| 801 |
|
1 |
|a RU
|b 63413507
|c 20200709
|
| 801 |
|
2 |
|a RU
|b 63413507
|c 20220221
|g RCR
|
| 942 |
|
|
|c BK
|